Taylor's Handbook of Clinical Nursing Skills: a nursing process approach (Record no. 5644)

MARC details
000 -LEADER
fixed length control field 01710cam a22003374a 4500
001 - CONTROL NUMBER
control field 16370654
003 - CONTROL NUMBER IDENTIFIER
control field OSt
005 - DATE AND TIME OF LATEST TRANSACTION
control field 20231026115448.0
008 - FIXED-LENGTH DATA ELEMENTS--GENERAL INFORMATION
fixed length control field 100729s2011 paua fb 000 0 eng
010 ## - LIBRARY OF CONGRESS CONTROL NUMBER
LC control number 2010032323
020 ## - INTERNATIONAL STANDARD BOOK NUMBER
International Standard Book Number 0781774659
035 ## - SYSTEM CONTROL NUMBER
System control number (DNLM)101537032
040 ## - CATALOGING SOURCE
Original cataloging agency DNLM/DLC
Transcribing agency DLC
Modifying agency DLC
042 ## - AUTHENTICATION CODE
Authentication code pcc
050 00 - LIBRARY OF CONGRESS CALL NUMBER
Classification number RT51
Item number .L96 2011
060 10 - NATIONAL LIBRARY OF MEDICINE CALL NUMBER
Classification number WY 49
082 ## - DEWEY DECIMAL CLASSIFICATION NUMBER
Classification number WY 100 L99t 2008
100 1# - MAIN ENTRY--PERSONAL NAME
Personal name Lynn, Pamela
9 (RLIN) 11763
245 10 - TITLE STATEMENT
Title Taylor's Handbook of Clinical Nursing Skills: a nursing process approach
Remainder of title
260 ## - PUBLICATION, DISTRIBUTION, ETC. (IMPRINT)
Place of publication, distribution, etc. Philadelphia;
Name of publisher, distributor, etc. Wolters Kluwer,
Date of publication, distribution, etc. 2008.
300 ## - PHYSICAL DESCRIPTION
Extent xv, 990 p. :
Other physical details col. ill. ;
Dimensions 19 cm.
500 ## - GENERAL NOTE
General note Abridgement of: Taylor's clinical nursing skills / Pamela Lynn. 3rd ed. c2011.
520 ## - SUMMARY, ETC.
Summary, etc. "Taylor's Handbook of Clinical Nursing Skills is a step-by-step guide to basic and advanced nursing skills. This book will be a quick reference tool for review of cognitive and technical knowledge and will assist students and practicing nurses to provide safe and effective healthcare. It is an ideal companion to any nursing skills or nursing fundamentals text, including Lynn, Taylor's Clinical Nursing Skills and Taylor, Fundamentals of Nursing: The Art and Science of Nursing Care"--
Assigning source Provided by publisher.
650 12 - SUBJECT ADDED ENTRY--TOPICAL TERM
Topical term or geographic name as entry element Nursing Process
9 (RLIN) 11764
650 22 - SUBJECT ADDED ENTRY--TOPICAL TERM
Topical term or geographic name as entry element clinical nursing skills
9 (RLIN) 11765
856 42 - ELECTRONIC LOCATION AND ACCESS
Materials specified Publisher description
Uniform Resource Identifier http://www.loc.gov/catdir/enhancements/fy1116/2010032323-d.html
856 41 - ELECTRONIC LOCATION AND ACCESS
Materials specified Table of contents only
Uniform Resource Identifier http://www.loc.gov/catdir/enhancements/fy1116/2010032323-t.html
906 ## - LOCAL DATA ELEMENT F, LDF (RLIN)
a 7
b cbc
c orignew
d 1
e ecip
f 20
g y-gencatlg
942 ## - ADDED ENTRY ELEMENTS (KOHA)
Source of classification or shelving scheme Other/Generic Classification Scheme
Koha item type Open Shelf
Holdings
Withdrawn status Lost status Source of classification or shelving scheme Damaged status Not for loan Home library Current library Date acquired Source of acquisition Inventory number Total Checkouts Full call number Barcode Date last seen Date last checked out Koha item type
    Other/Generic Classification Scheme     MUST Main Library MUST Main Library 03/03/2017 Purchase 11/34374 2 WY 100 L99t 2008 2017-0333 03/05/2017 18/04/2017 Open Shelf